000
00257nam a22001097a 4500
008
170118b xxu||||| |||| 00| 0 eng d
020
_a
0131709828
041
_a
eng
080
_2
5TH
_a
618.2
245
_a
COMMUNITY HEALTH NURSING
_c
CLARK, M.J
942
_2
udc
_c
BK
999
_c
3096
_d
3096